THE MUSEUM OF MODERN ART GUNMA- GUNMA PREFECTURE 1971-4(TWENTIETH CENTURY MUSEUMS II ARATA LSOZAKI) (Record no. 858045)

MARC details
000 -LEADER
fixed length control field 00362nam a2200121Ia 4500
008 - FIXED-LENGTH DATA ELEMENTS--GENERAL INFORMATION
fixed length control field 230822s2008 xx 000 0 und d
020 ## - INTERNATIONAL STANDARD BOOK NUMBER
International Standard Book Number 0-7148-4102-1
041 ## - LANGUAGE CODE
Language code of text/sound track or separate title eng
100 ## - MAIN ENTRY--PERSONAL NAME
Personal name DREW PHILIP
245 ## - TITLE STATEMENT
Title THE MUSEUM OF MODERN ART GUNMA- GUNMA PREFECTURE 1971-4(TWENTIETH CENTURY MUSEUMS II ARATA LSOZAKI)
260 ## - PUBLICATION, DISTRIBUTION, ETC.
Name of publisher, distributor, etc. PHAIDON PRESS LTD
Date of publication, distribution, etc. 2008
300 ## - PHYSICAL DESCRIPTION
Extent 1

No items available.